• 首页
  • 本馆介绍
  • 公告通知
  • 最新文献
  • 馆藏检索
  • 电子资源
  • 读者导购
  • 参考咨询
  • 我的图书馆
  • 登录
  • 详细信息显示
  • 放入我的书架
  • 预约/预借图书
  • 作者相关作品
  • 分类相关作品
  • 丛书相关作品
  • 出版社相关作品

书目信息

  • 表格格式
  • 工作单格式
  • 卡片格式
题名:
罗马人
    
 
作者: 巴洛 ;黄韬
分册:  
出版信息: 上海   上海人民出版社  2000
页数: 261
开本: 20cm
丛书名:
单 册:
中图分类: K542
科图分类:
主题词: 南欧--历史
电子资源:
ISBN: 7-208-03414-1
000 00503nam0 2200193 450
001 0757995392
005 20071007160635.39
010    @a7-208-03414-1@d14
100    @a20071007d km y0chiy0120 ea
101 0  @achi
200 1  @a罗马人@Aluo ma ren@f巴洛@Fba luo@g黄韬@Ghuang tao
210    @a上海@c上海人民出版社@d2000
215    @a261@d20cm
606 0  @a南欧@x历史
690    @aK542@v3
701  0 @a巴洛@Aba luo
702  0 @a黄韬@Ahuang tao
801  0 @aCN@bPFT@c20071007
905    @a213230@dK542@ea3@f1
    
    罗马人/巴洛/黄韬.-上海:上海人民出版社,2000
    261;20cm
    
    
    ISBN 7-208-03414-1:14
    
●
相关链接 在E读中查询图书 在五车中查询图书 在当当中查询图书 在豆瓣中查询图书


正题名:罗马人     索取号:K542/a3         预约/预借

序号 登录号 条形码 馆藏地/架位号 状态 备注
1 7508651   275086513   史法系资料室/ [索取号:K542/a3] 在馆    
唐山师范学院图书馆 欢迎您!
大连网信软件有限公司© 版权所有